000 00565nam a2200181Ia 4500
008 090124s9999 xx 000 0 und d
082 _b13243
_a1594
100 _aगांगल वसंत
245 _a राजकन्या आणि भिकारी
250 _a1
260 _c1963
300 _a48
600 _aगांगल वसंत
630 _a राजकन्या आणि भिकारी
700 _aगांगल वसंत
730 _a राजकन्या आणि भिकारी
942 _cBOOK
999 _c127182
_d127182